Política industrial: única vía para salir del subdesarrollo /
Guardado en:
| Hovedforfatter: | |
|---|---|
| Format: | Bog |
| Sprog: | Spanish |
| Tags: |
Tilføj Tag
Ingen Tags, Vær først til at tagge denne postø!
|
MARC
| LEADER | 00000nam a22000007a 4500 | ||
|---|---|---|---|
| 003 | cru CIDCACS/IIS | ||
| 005 | 20200925161328.0 | ||
| 007 | ta | ||
| 008 | 170420e2016 mx ||||| |||| 00| 0 spa d | ||
| 040 | |c CRAI/IIS |a CRAI/IIS | ||
| 100 | 1 | |9 4239 |a Romero, José | |
| 245 | |a Política industrial: |b única vía para salir del subdesarrollo / |c José Romero | ||
| 300 | |a páginas 3-38: |b tablas, gráficos | ||
| 773 | 0 | |0 19200 |9 646 |a Universidad Nacional Autónoma de México. |d México: UNAM |o R17933 |t Economía Informa / | |
| 942 | |2 ddc |c PP | ||
| 999 | |c 19203 |d 19203 | ||
